00195nam a22000857a 4500020001800000100001900018245002900037260003100066300001200097 a9780545708104 aLisa Schroeder aMy Secret Guide To Paris aNew YorkbScholasticc2015 a216 pgs